000 01610nam a22003857a 4500
001 00284
003 DO-SdBNP
005 20180312140349.0
007 00284
008 160427b dr 2004||||| |||| 00| 0 spa d
020 _a9789993486176 (v. 8)
020 _a9788482616711 (v. 8) Álbum
020 _a97884826166612 (v. 8) Cuaderno
040 _aBPMSU
_bspa
_cBPMSU
092 _a372.257
_bG934n 8vo. 2004
100 1 _aGuerrero, Ángela
245 1 _aNaturaleza 8 :
_beducación básica /
_cÁngela Guerrero , Raquel Rodríguez ; dirección editorial Obdulia García de Escobar ; editora Claudia Llibre
300 _a3 v. :
_bil. retrs.
_c28 cm.
490 _aÁmbar
500 _aLa biblioteca no posee la guía
505 _tEl método científico --
_tEl enlace químico --
_tNomeclatura química --
_tLas reacciones químicas --
_tMovimiento y fuerza --
_tTrabajo y energía --
_tLa energía luminosa --
_tElectricidad y magnetismo --
_tSalud y enfermedad --
_tNociones de pecuaria --
_tLa tecnología en la vida.
650 4 _aCIENCIAS NATURALES
_xENSEÑANZA BÁSICA
650 4 _aCIENCIAS NATURALES
_xESTUDIOS Y EJERCICIOS
650 4 _aCIENCIAS NATURALES
_xLIBROS DE TEXTOS
650 4 _aCIENCIAS NATURALES
_xEDUCACIÓN PRIMARIA
650 4 _aEDUCACIÓN PRIMARIA
_zREPÚBLICA DOMINICANA
700 1 2 _aRodríguez, Raquel
700 1 _aGarcía de Escobar, Obdulia,
_eed.
700 1 _aLlibre, Claudio,
_eed.
830 0 _aÁmbar
910 _aValidado. Control de calidad MFF
942 _2ddc
_cBK
945 _aRemanejado para la BNPHU / 2018 VM
956 _aBTAVÁREZ
_b10
_c20160429
_d00284
999 _c9944
_d9944